[Event "POL-chT IMP email"]
[Site "POL email"]
[Date "2005.??.??"]
[Round "9"]
[White "Kobryn, Jozef"]
[Black "Bortnik, Eligiusz"]
[Result "0-1"]
[WhiteElo "2220"]
[BlackElo "2360"]
[PlyCount "88"]
[EventDate "2005.??.??"]
[EventType "tourn (corr)"]
[EventRounds "15"]
[EventCountry "POL"]
[SourceTitle "Corr 2008"]
[Source "ChessBase"]
[SourceDate "2008.06.24"]
[SourceVersion "1"]
[SourceVersionDate "2008.06.24"]
[SourceQuality "1"]

1. d4 f5 2. g3 Nf6 3. Bg2 e6 4. Nf3 d5 5. c4 c6 6. 0-0 Bd6 7. b3 Qe7 8. Bb2 b6 9. Ne5 Bb7 10. Nd2 0-0 11. Rc1 a5 12. Qc2 Na6 13. Qb1 c5 14. f4 Bxe5 15. dxe5 Ng4 16. cxd5 exd5 17. Rfe1 Ne3 18. Bf3 d4 19. Nc4 Bxf3 20. exf3 Nxc4 21. bxc4 Qe6 22. Qa1 Rfd8 23. Re2 Qc6 24. Kg2 b5 25. cxb5 Qxb5 26. Rd2 Rab8 27. h3 Qa4 28. Kh2 Rb6 29. Rcc2 d3 30. Qc1 Qxa2 31. Bc3 Qa4 32. Ra2 Qc4 33. Rxa5 Rdb8 34. Qa1 Nc7 35. Ra4 Qd5 36. Ba5 Rb1 37. Qa2 R8b3 38. Ra3 Nb5 39. Rxb3 Rxb3 40. Rf2 c4 41. Be1 Ra3 42. Qd2 c3 43. Qe3 Qd4 44. Qxd4 Nxd4 0-1

[Event "POL-chT IMP email"]
[Site "POL email"]
[Date "2005.??.??"]
[Round "9"]
[White "Kobryn, Jozef"]
[Black "Chodorowski, Ryszard"]
[Result "1/2-1/2"]
[WhiteElo "2220"]
[BlackElo "2195"]
[PlyCount "64"]
[EventDate "2005.??.??"]
[EventType "tourn (corr)"]
[EventRounds "15"]
[EventCountry "POL"]
[SourceTitle "Corr 2008"]
[Source "ChessBase"]
[SourceDate "2008.06.24"]
[SourceVersion "1"]
[SourceVersionDate "2008.06.24"]
[SourceQuality "1"]

1. d4 Nf6 2. c4 e6 3. Nc3 Bb4 4. Qc2 0-0 5. a3 Bxc3+ 6. Qxc3 b6 7. Bg5 Bb7 8. f3 h6 9. Bh4 d5 10. e3 Nbd7 11. cxd5 Nxd5 12. Bxd8 Nxc3 13. Bh4 Nd5 14. Bf2 c5 15. Bb5 Rfd8 16. e4 Nc7 17. Bxd7 Rxd7 18. dxc5 f5 19. cxb6 axb6 20. Bxb6 fxe4 21. Bf2 Nd5 22. Ne2 exf3 23. gxf3 Rf8 24. 0-0 Rxf3 25. Bc5 Rf6 26. b4 Ba6 27. Rxf6 gxf6 28. Ng3 f5 29. a4 Bd3 30. Re1 Kf7 31. Nh5 Nc3 32. Nf4 Nxa4 1/2-1/2

[Event "POL-chT IMP email"]
[Site "POL email"]
[Date "2005.??.??"]
[Round "9"]
[White "Kobryn, Jozef"]
[Black "Chomicki, Henryk"]
[Result "1/2-1/2"]
[WhiteElo "2220"]
[BlackElo "2255"]
[PlyCount "67"]
[EventDate "2005.??.??"]
[EventType "tourn (corr)"]
[EventRounds "15"]
[EventCountry "POL"]
[SourceTitle "Corr 2008"]
[Source "ChessBase"]
[SourceDate "2008.06.24"]
[SourceVersion "1"]
[SourceVersionDate "2008.06.24"]
[SourceQuality "1"]

1. d4 d6 2. e4 Nf6 3. Nc3 g6 4. f4 Bg7 5. Nf3 0-0 6. Bd3 Nc6 7. 0-0 Nb4 8. Be2 c5 9. dxc5 dxc5 10. a3 Qxd1 11. Bxd1 Nc6 12. e5 Ne8 13. Be3 b6 14. Be2 Nc7 15. Rad1 Bf5 16. Bd3 Bxd3 17. Rxd3 Rad8 18. Rfd1 Rxd3 19. Rxd3 Rd8 20. Rxd8+ Nxd8 21. Kf2 Nc6 22. g4 f6 23. exf6 Bxf6 24. Bd2 Ne6 25. Nd1 Kf7 26. Ke3 Ned4 27. c3 Nxf3 28. Kxf3 Na5 29. Ne3 e5 30. f5 Bg5 31. Ke4 gxf5+ 32. Kxf5 Bf4 33. Nf1 Nc4 34. Bxf4 1/2-1/2

[Event "POL-chT DMP 2 liga B3 email"]
[Site "POL email"]
[Date "2005.??.??"]
[Round "?"]
[White "Kobryn, Jozef"]
[Black "Liszka, Zbigniew"]
[Result "1/2-1/2"]
[WhiteElo "2220"]
[BlackElo "2175"]
[PlyCount "32"]
[EventDate "2005.??.??"]
[EventType "tourn (corr)"]
[EventRounds "11"]
[EventCountry "POL"]
[SourceTitle "Corr 2008"]
[Source "ChessBase"]
[SourceDate "2008.06.24"]
[SourceVersion "1"]
[SourceVersionDate "2008.06.24"]
[SourceQuality "1"]

1. d4 f5 2. g3 Nf6 3. Bg2 d6 4. Nf3 g6 5. 0-0 Bg7 6. c4 0-0 7. Nc3 Nc6 8. d5 Na5 9. Qd3 e5 10. dxe6 Bxe6 11. b3 Nc6 12. Rb1 Qe8 13. Ng5 Bd7 14. Bb2 h6 15. Nd5 hxg5 16. Nxc7 Qf7 1/2-1/2